000 00422nam a2200193Ia 4500
005 20240823035332.0
008 240823s9999||||xx |||||||||||||| ||und||
020 _a978-81-8474-979-3
041 _aENGLISH
082 _A823.914 P5
100 _aAnne Mather
245 0 _aSavage Awakening
250 _a1st
260 _c2005
_bHarl
500 _aYES
650 _aNovel
_bEnglish
942 _cBK
999 _c200439
_d200439